Časovaná bomba slovenskí neonacisti sa hlásia aj k teroristickým organizáciám

Bibliographic Details
Format: Article
Language:Slovak
PhysicalDescription:Fotogr.
ISSN:0139-6323
Subjects:

MARC

LEADER 00000nab a2200000 ar4500
001 vtls008418572
003 SK-MaSNL
005 20260303070047.0
008 051214c2005 xo mr|p|||||||000 b|slo
015 |a SNBRB2005/12 
038 |a SNSK 
040 |a SNSK  |b slo  |c SNSK  |e AACR2 
041 0 |a slo 
044 |a xo  |c SK 
080 |a 323.12/.13  |x (437.6)  |2 UDC-MRF-SK2 
080 |a 329.12  |x (437.6)  |2 UDC-MRF-SK2 
245 0 0 |a Časovaná bomba  |b slovenskí neonacisti sa hlásia aj k teroristickým organizáciám  |c [autor]-RED- 
300 |b Fotogr. 
650 0 7 |a pravicový extrémizmus  |2 snsk  |9 4819 
650 0 7 |a neonacizmus  |2 snsk  |9 23030 
773 0 |t Život  |g Roč. 55, č. 47 (2005), s.10-12  |x 0139-6323 
852 |a SNSK  |b KIS3GCP 
999 |c 1753747  |d 1755677